000 00729nam a2200217Ia 4500
001 7268
003 GE_BSU
008 181216s||||||||xx |||||||||||||| ||und||
040 _cGE_BSU
080 _a621.892.0
100 _aВиноградова,И.Э.
245 _aПротивоизностные присадки к маслам (противозадирные, противоизностные и антифрикционные).
245 _cРед. С.И.Бабушкина.
260 _aМ.
260 _bХимия.
260 _c1972.
300 _a272стр.22см.297 библиогр.
300 _e31 табл.
653 _aПротивоизностные присадки к маслам.
942 _cBK
999 _c40640
_d40640